00562nam a2200193Ia 4500003000500000008004100005020002200046040001900068082000700087100004500094100001800139245005700157246002600214260004800240300001000288365000800298440005000306546001200356STCL230729s9999 xx 000 0 und d a9788180691249qHB aSTCLcSTCLbEN 222 aMisra, Bharti; Misra, R P; Gangrade, K D aSingh, Savita 0aGandhian alternative volume 2: nonviolence in action aNonviolence in action bConcept Publishing CompanyaNew Delhic2005 a230 p b550 aGandhian studies and peace research series 24 aEnglish